Il margine sugli ossibuchi /

সংরক্ষণ করুন:
গ্রন্থ-পঞ্জীর বিবরন
প্রধান লেখক: Tessari, Davide (লেখক)
বিন্যাস: গ্রন্থ
ভাষা:ইতালিয়
প্রকাশিত: Roma : Robin, stampa 2005
মালা:I libri colorati ; 77
ট্যাগগুলো: ট্যাগ যুক্ত করুন
কোনো ট্যাগ নেই, প্রথমজন হিসাবে ট্যাগ করুন!

MARC

LEADER 00000nam a22000007i 4500
001 IT\ICCU\LO1\1021427
003 ItRI
005 20250902110738.0
008 051019s2005 it |||||| ||||| |||||c
020 |a 8873711537 
040 |b ita  |c ct 
041 7 |a ita  |2 ISO-639-2 
100 1 |a Tessari, Davide  |0 IT\ICCU\LO1V\275773  |4 aut 
245 1 3 |a Il margine sugli ossibuchi /  |c Davide Tessari. 
260 |a Roma :  |b Robin,  |c stampa 2005 
300 |a 353 p. ;  |c 20 cm. 
830 2 |a I libri colorati ;  |v 77  |0 IT\ICCU\RML\0109730 
942 |2 ddc  |c BK 
952 |0 0  |1 0  |2 ddc  |4 0  |6 B_LNR02TESDAMAR11  |7 0  |9 7316  |a MI  |b MI  |d 2010-02-15  |i 5867  |l 0  |o B-LNR02-TESDA-MAR11  |p CDOM5867  |r 2025-07-13 16:28:00  |w 2025-07-13  |x ACQUISTO  |y BK 
981 1 |6 z01  |a i   |b xxxe  
982 1 |6 z01  |a n 
999 |c 6020  |d 6020